[Event "Enschede op-C U14"]
[Site "Enschede"]
[Date "2009.08.05"]
[Round "4"]
[White "Van Betuw, Rik"]
[Black "Van Andel, Michiel"]
[Result "0-1"]
[WhiteElo "930"]
[BlackElo "1655"]
[PlyCount "98"]
[EventDate "2009.08.03"]
[EventType "swiss"]
[EventRounds "7"]
[EventCountry "NED"]
[SourceTitle "CBM 132 Extra"]
[Source "ChessBase"]
[SourceDate "2009.11.03"]
[SourceVersion "1"]
[SourceVersionDate "2009.11.03"]
[SourceQuality "1"]

1. e4 e5 2. Nf3 Nc6 3. d4 exd4 4. Nxd4 Bc5 5. Be3 Qf6 6. c3 Nge7 7. Bb5 0-0 8. 0-0 Bb6 9. Na3 Re8 10. Re1 d6 11. Nc4 Rf8 12. Nxc6 bxc6 13. Nxb6 cxb6 14. Bd3 d5 15. exd5 Nxd5 16. Bxh7+ Kxh7 17. Qh5+ Kg8 18. Bd4 Qf5 19. Qxf5 Bxf5 20. c4 Nb4 21. Re5 Bg6 22. Bc3 Nd3 23. Rg5 Nf4 24. Re1 Rfe8 25. Rxe8+ Rxe8 26. Re5 Rxe5 27. Bxe5 Nd3 28. Bd4 Nf4 29. Kf1 Bd3+ 30. Ke1 Nxg2+ 31. Kd2 Bxc4 32. b4 Bxa2 33. Ke2 Nf4+ 34. Kf3 Ne6 35. Ba1 c5 36. bxc5 Nxc5 37. Kg4 Kf8 38. h4 g6 39. f4 f5+ 40. Kg5 Kf7 41. h5 Ne6+ 42. Kh6 Nxf4 43. Kg5 Nxh5 44. Bh8 a5 45. Kh4 Ng7 46. Kg3 Kg8 47. Kf2 Kxh8 48. Ke1 f4 49. Kf2 a4 0-1